| 000 | 00658nam a2200241Ia 4500 | ||
|---|---|---|---|
| 003 | OSt | ||
| 005 | 20220926032226.0 | ||
| 006 | a|||||r|||| 00| 0 | ||
| 007 | ta | ||
| 008 | 220923b |||||||| |||| 00| 0 eng d | ||
| 037 | _cGeneral Book | ||
| 040 |
_aRTL _cRTL _beng |
||
| 041 |
_2eng _aeng |
||
| 082 | _aU672(F55):(G:55), M5 | ||
| 100 |
_aGates David M _994634 |
||
| 245 | 0 | _aEnergy and ecology | |
| 260 |
_aSunderland _bSinauer Associates _c1985 |
||
| 300 |
_axiii,377p. _ccm. |
||
| 500 | _aBib p. 359-65 | ||
| 650 | _aGeography | ||
| 942 |
_hU672(F55):(G:55), M5 _cGB _2CC |
||
| 999 |
_c654134 _d654134 |
||